Los procesos forales aragoneses

Tallennettuna:
Bibliografiset tiedot
Päätekijä: Pérez-Préndez y Muñoz de Arracó, José Manuel (Tekijä)
Aineistotyyppi: Kirja
Kieli:espanja
Julkaistu: Granada Instituto de Historia del Derecho, Universidad de Granada 1977
Sarja:Minor, 10
Aiheet:
Tagit: Lisää tagi
Ei tageja, Lisää ensimmäinen tagi!

MARC

LEADER 00000nam a2200000 a 4500
001 UCR2545
003 CL-VaPUC
008 980112e19770000sp |||||||||||||||||spa|d
082 0 4 |a 349.46  |b PER  |2 21 
100 0 |a Pérez-Préndez y Muñoz de Arracó, José Manuel  |e author  |9 400460 
245 1 4 |a Los procesos forales aragoneses 
300 |a 52 p 
942 |c BK 
945 |d 19980112 00:00:00  |a crobeson 
260 |a Granada  |b Instituto de Historia del Derecho, Universidad de Granada  |c 1977 
650 0 |a Derecho español  |9 255291 
650 0 |a Historia del derecho  |9 255109 
650 0 |a Derecho civil  |9 255013 
650 7 |a FUEROS  |2 CL-VaPUC  |9 255290 
651 0 |a España  |9 254926 
651 0 |a Aragón  |9 323383 
583 |a last modification  |c 20171114 02:07:31  |k Rodrigo Vera 
490 0 |a Minor, 10 
999 |c 265679  |d 265677 
952 |0 0  |1 0  |4 0  |6 349_460000000000000_PER_1977  |7 0  |8 DER_HIS  |9 296696  |a BIBDER  |b BIBDER  |d 2019-11-20  |i 1924567  |o 349.46 PER 1977  |p 1924567  |r 2023-01-25  |w 2019-11-20  |x Ubicación 4to Piso  |y BK  |z Estos recursos deben solicitarse con anticipación  |k DER